| 000 | 00419nam a2200157Ia 4500 | ||
|---|---|---|---|
| 003 | IN-BaIIA | ||
| 008 | 211028s9999 xx 000 0 eng d | ||
| 040 | _cIIA Library | ||
| 080 |
_a523.46 _bHAL |
||
| 100 |
_aHall, Asaph _91350 |
||
| 245 | 0 |
_aSaturn and Its ring _cAsaph Hall |
|
| 260 |
_aWashington _bGovernment Printing Office _c1889 |
||
| 300 | _a22p. | ||
| 650 |
_aPlanets-Saturn; Rings; Archives _91351 |
||
| 942 | _cBK | ||
| 999 |
_c618 _d618 |
||